00277pam a2200109 a 4500020002000000041000500020100002400025245006500049250001100114260003200125300001000157 a81-8158-070-2c h aRakesh , Troap , . aThe Siviculture of Indian Trees Vol- IIIhTextual Documents a 2006. a[s.l]:bNatraj Publication. a1195.